digits of pi - 30 second sprint - Statistics

General Stats
  • This quiz has been taken 31 times
  • The average score is 42 of 100
Answer Stats
# Answer % Correct
2 1
100%
4 1
100%
1 3
100%
3 4
100%
7 2
95%
5 5
95%
9 5
95%
8 6
95%
6 9
95%
17 2
89%
10 3
89%
16 3
89%
18 3
89%
11 5
89%
14 7
89%
12 8
89%
13 9
89%
15 9
89%
20 4
79%
21 6
79%
19 8
79%
22 2
63%
23 6
63%
29 2
58%
25 3
58%
26 3
58%
28 3
58%
24 4
58%
30 7
58%
27 8
58%
31 9
58%
33 0
53%
34 2
53%
32 5
53%
38 1
47%
37 4
47%
40 7
47%
35 8
47%
36 8
47%
39 9
47%
41 1
42%
42 6
42%
44 3
37%
47 3
37%
43 9
37%
45 9
37%
46 9
37%
50 1
32%
49 5
32%
48 7
32%
51 0
26%
52 5
26%
53 8
26%
55 0
21%
54 2
21%
58 4
21%
57 7
21%
56 9
21%
66 0
16%
72 0
16%
78 0
16%
86 0
16%
98 0
16%
69 1
16%
95 1
16%
96 1
16%
64 2
16%
74 2
16%
77 2
16%
84 2
16%
90 2
16%
94 2
16%
65 3
16%
87 3
16%
92 3
16%
60 4
16%
61 4
16%
71 4
16%
88 4
16%
93 4
16%
62 5
16%
91 5
16%
70 6
16%
73 6
16%
76 6
16%
83 6
16%
99 6
16%
67 7
16%
97 7
16%
100 7
16%
68 8
16%
75 8
16%
79 8
16%
82 8
16%
85 8
16%
89 8
16%
59 9
16%
63 9
16%
80 9
16%
81 9
16%
No matching quizzes found
Score Distribution
Percent of People with Each Score
Percentile by Number Answered
Your Score History
You have not taken this quiz